ბათუმის შოთა რუსთაველის სახელმწიფო უნივერსიტეტის ბიბლიოთეკა

სავარჯიშოები სამოქალაქო სამართლის ზოგად ნაწილსა და სანივთო სამართალში (ბიბ.ჩანაწერი № 49349)

000 -LEADER
fixed length control field 01110nam a2200253Ia 4500
001 - CONTROL NUMBER
control field 16266
003 - CONTROL NUMBER IDENTIFIER
control field GE_BSU
008 - FIXED-LENGTH DATA ELEMENTS--GENERAL INFORMATION
fixed length control field 181216s||||||||xx |||||||||||||| ||und||
020 ## - INTERNATIONAL STANDARD BOOK NUMBER
International Standard Book Number 978-9941-9344-5-2
040 ## - CATALOGING SOURCE
Transcribing agency GE_BSU
080 ## - UNIVERSAL DECIMAL CLASSIFICATION NUMBER
Universal Decimal Classification number 347.22(479.22)
100 ## - MAIN ENTRY--PERSONAL NAME
Personal name ბესარიონ ზოიძე, ლადო ჭანტურია, თამარ ზარანდია [და სხვ.]
245 ## - TITLE STATEMENT
Title სავარჯიშოები სამოქალაქო სამართლის ზოგად ნაწილსა და სანივთო სამართალში
245 ## - TITLE STATEMENT
Statement of responsibility, etc. სარედ. კოლ.: ბესარიონ ზოიძე [და სხვ.]
260 ## - PUBLICATION, DISTRIBUTION, ETC.
Place of publication, distribution, etc. თბილისი
260 ## - PUBLICATION, DISTRIBUTION, ETC.
Name of publisher, distributor, etc. სამართალი
260 ## - PUBLICATION, DISTRIBUTION, ETC.
Date of publication, distribution, etc. 2014
300 ## - PHYSICAL DESCRIPTION
Extent 230გვ; 20 სმ.
653 ## - INDEX TERM--UNCONTROLLED
Uncontrolled term სამართალი
653 ## - INDEX TERM--UNCONTROLLED
Uncontrolled term სამოქალაქო სამართალი;
653 ## - INDEX TERM--UNCONTROLLED
Uncontrolled term საქართველოს სანივთო სამართალი;
942 ## - ADDED ENTRY ELEMENTS (KOHA)
Koha item type წიგნი
ეგზემპლარები
Withdrawn status Lost status Damaged status Not for loan Date acquired Barcode Date last seen Price effective from Koha item type Public note
        2018-12-17 40764 2018-12-17 2018-12-17 წიგნი  
        2018-12-17 40765 2018-12-17 2018-12-17 წიგნი  
        2018-12-17 40766 2018-12-17 2018-12-17 წიგნი  
        2018-12-17 40767 2018-12-17 2018-12-17 წიგნი  
        2018-12-17 40768 2018-12-17 2018-12-17 წიგნი  
        2018-12-17 40769 2018-12-17 2018-12-17 წიგნი  
        2018-12-17 46974 (11 ლარი) 2018-12-17 2018-12-17 წიგნი 11 ლარი
        2018-12-17 46975 (11 ლარი) 2018-12-17 2018-12-17 წიგნი 11 ლარი
        2018-12-17 46976 (11 ლარი) 2018-12-17 2018-12-17 წიგნი 11 ლარი
        2018-12-17 46977 (11 ლარი) 2018-12-17 2018-12-17 წიგნი 11 ლარი
        2018-12-17 46978 (11 ლარი) 2018-12-17 2018-12-17 წიგნი 11 ლარი